Khulq ul Quran / (Record no. 332353)

000 -LEADER
fixed length control field nam a22 7a 4500
003 - CONTROL NUMBER IDENTIFIER
control field NUST
005 - DATE AND TIME OF LATEST TRANSACTION
control field 20171129092916.0
008 - FIXED-LENGTH DATA ELEMENTS--GENERAL INFORMATION
fixed length control field 171129b xxu||||| |||| 00| 0 eng d
020 ## - INTERNATIONAL STANDARD BOOK NUMBER
International Standard Book Number 9789698535391
040 ## - CATALOGING SOURCE
Transcribing agency NUST
082 ## - DEWEY DECIMAL CLASSIFICATION NUMBER
Classification number 297.1229
Author Mark MUM
100 ## - MAIN ENTRY--PERSONAL NAME
Personal name Iqbal, Mumtaz
9 (RLIN) 6827
245 ## - TITLE STATEMENT
Title Khulq ul Quran /
Statement of responsibility, etc. Mumtaz Iqbal Malik
260 ## - PUBLICATION, DISTRIBUTION, ETC.
Place of publication, distribution, etc. Islamabad:
Name of publisher, distributor, etc. Nust publishing,
Date of publication, distribution, etc. 2017
300 ## - PHYSICAL DESCRIPTION
Extent 278 pages
650 ## - SUBJECT ADDED ENTRY--TOPICAL TERM
Topical term or geographic name entry element Quran- special topics
9 (RLIN) 6828
880 ## - ALTERNATE GRAPHIC REPRESENTATION
Linkage 100-01\r
Title ممتاز اقبال ملک
880 ## - ALTERNATE GRAPHIC REPRESENTATION
Linkage 245-02\r
Title خُلقُ القرآن
c ممتاز اقبال ملک
880 ## - ALTERNATE GRAPHIC REPRESENTATION
Linkage 260-03\r
Title اسلام آباد:
b نسٹ پبلشنگ،
c 2017
942 ## - ADDED ENTRY ELEMENTS (KOHA)
Source of classification or shelving scheme
Koha item type Book
Holdings
Withdrawn status Lost status Source of classification or shelving scheme Damaged status Not for loan Permanent Location Current Location Shelving location Date acquired Full call number Barcode Date last seen Copy number Price effective from Koha item type
          Central Library (CL) Central Library (CL) Book Cart 11/29/2017 297.1229 MUM CL3102 11/29/2017 1 11/29/2017 Book
© 2023 Central Library, National University of Sciences and Technology. All Rights Reserved.